000 00430nam a22001697a 4500
003 IT-RoPau
005 20220918175941.0
008 130208b xxu||||| |||| 00| 0 eng d
040 _cIT-RoPau
100 _aFamilia Paulista
_9394
245 _aCooperador Paulista 2002 Portogallo
250 _a1° ed.
260 _aPortugal
_bSociedade S. Paulo
_c2002
300 _a27 p.
_c23 cm
500 _aAno 51-N. 3.
942 _2ddc
_cCR
999 _c38026
_d38026